| 000 | 00538nam a2200229Ia 4500 | ||
|---|---|---|---|
| 003 | 0100 | ||
| 008 | 130303s9999 xx 000 0 und d | ||
| 020 | _a0394342976 | ||
| 040 | _cARRUPELIB | ||
| 050 | _aBJ1012.M371985 | ||
| 245 | _aMatters of life and death | ||
| 245 | _bnew introductiory essays in moral philosophy | ||
| 250 | _a2nd ed. | ||
| 260 | _aNew York | ||
| 260 | _bRandom House | ||
| 260 | _C1986 | ||
| 300 | _axx | ||
| 300 | _b 437p. 24cm. | ||
| 650 | _aETHICS | ||
| 700 | _aRegan , Tom (ed.) | ||
| 942 | 0 | 0 | _01 |
| 999 |
_c22860 _d22860 |
||